Essentials Of Psycholonalysis (Record no. 39687)

MARC details
000 -LEADER
fixed length control field 00407nam a2200145Ia 4500
008 - FIXED-LENGTH DATA ELEMENTS--GENERAL INFORMATION
fixed length control field 211109s9999||||xx |||||||||||||| ||und||
082 ## - DEWEY DECIMAL CLASSIFICATION NUMBER
Classification number 616.89
Item number FRE-E
100 ## - MAIN ENTRY--PERSONAL NAME
Personal name Freud, Singmund
245 #0 - TITLE STATEMENT
Title Essentials Of Psycholonalysis
260 ## - PUBLICATION, DISTRIBUTION, ETC.
Name of publisher, distributor, etc. Current Books
Place of publication, distribution, etc. Kottayam Bn 795
Date of publication, distribution, etc. 1986
300 ## - PHYSICAL DESCRIPTION
Extent 597p.
630 ## - SUBJECT ADDED ENTRY--UNIFORM TITLE
General subdivision GENERAL STACK
650 ## - SUBJECT ADDED ENTRY--TOPICAL TERM
Topical term or geographic name entry element Technology
942 ## - ADDED ENTRY ELEMENTS (KOHA)
Koha item type BOOK
650 ## - SUBJECT ADDED ENTRY--TOPICAL TERM
Form subdivision Medicine & health
General subdivision DiseasesGeneralia
Holdings
Withdrawn status Lost status Damaged status Not for loan Home library Current library Date acquired Total Checkouts Full call number Barcode Shelving location Date last seen Price effective from Koha item type
        SB LIBRARY SB LIBRARY 09/11/2021   616.89 FRE-E 00081235 GENERAL STACK 09/11/2021 09/11/2021 BOOK

Powered by Koha